Знаменитые люди по имени Анна - Statistics

General Stats
  • This quiz has been taken 81 times
  • The average score is 6 of 18
Answer Stats
Подсказка Ответ % Correct
Поэтесса, одна из наиболее значимых фигур русской литературы XX века Анна {Ахматова}
92%
Певица, исполнительница песен «По барам» и «Царица» Анна {Асти}
76%
Императрица из династии Романовых Анна {Иоанновна}
73%
Певица, исполнительница песен «Гори, гори, моя звезда» и «Эхо любви» Анна {Герман}
44%
Автор дневника, обличающего нацизм Анна {Франк}
44%
Участница поп-группы «ВИА Гра» Анна {Седокова}
42%
Вторая супруга короля Англии Генриха VIII Анна {Болейн}
41%
Солистка группы «Винтаж» Анна {Плетнёва}
34%
Агент российской разведки Анна {Чапман}
29%
Оперная певица Анна {Нетребко}
29%
Одна из величайших балерин XX века Анна {Павлова}
20%
Актриса, снявшаяся в фильмах «Диктатор» и «Очень страшное кино» Анна {Фэрис}
17%
Королева Франции Анна {Австрийская}
14%
Кинорежиссер, снявшая фильмы «Про любовь» и «Русалка» Анна {Меликян}
10%
Автор романа «Просто вместе» Анна {Гавальда}
8%
Один из основателей детского психоанализа Анна {Фрейд}
7%
Автор романа «После» Анна {Тодд}
5%
Четвёртая супруга короля Англии Генриха VIII Анна {Клевская}
2%
No matching quizzes found
Score Distribution
Percent of People with Each Score
Percentile by Number Answered
Your Score History
You have not taken this quiz